000 00784nam a2200217 a 4500
999 _c10423
_d10423
001 10423
003 BD-JhCC
005 20200402134008.0
008 180426s2017 bg |||| ||a| 000 0 ben d
035 _a(BD-JhCC)10423
040 _aBD-JhCC
_dBD-JhCC
041 _aben
082 _a297.1227
_bALQ 2017
245 _aআল-কুরআন শব্দ সংখ্যা ও তার শিক্ষা /
_cমোহাম্মদ রফিকুল ইসলাম (সংকলক)
260 _aঢাকা :
_bশিরিন পাবলিকেশন্স,
_c2017
300 _a403 p. :
_c21 cm.
650 _aAl-Quran Dictionary
700 _aইসলাম, মোহাম্মদ রফিকুল (সংকলক)
942 _2ddc
_cBK
_04